| 000 | 01067nam a2200361Ia 4500 | ||
|---|---|---|---|
| 001 | dia_155 | ||
| 003 | CHAP | ||
| 005 | 20221207121234.0 | ||
| 008 | 220117s1977 xx 000 0 und d | ||
| 010 | _a170586 | ||
| 020 | _a0-13-227132-X | ||
| 040 | _cCHAP | ||
| 082 | _a330.01 B38 1977 | ||
| 100 |
_aBaumol, William J. _9147388 |
||
| 245 |
_aEconomic theory and operations analysis / _c William J. Baumol |
||
| 250 | _a4a ed. | ||
| 260 |
_aNew Jersey, USA : _b Prentice-Hall, _c1977 |
||
| 300 | _axxi, 695 p. | ||
| 440 |
_aManagement _9146944 |
||
| 503 | _aI.163077 | ||
| 504 | _aIncluye bibliografías | ||
| 590 | _aHB135 B38 1977 | ||
| 650 |
_aAnálisis matemáticos _9147389 |
||
| 650 |
_aEconomía política _9147390 |
||
| 650 |
_aEconomics, Mathematical _9147391 |
||
| 650 |
_aMathematical analysis _9147392 |
||
| 650 |
_aMicroeconomía _975508 |
||
| 650 |
_aMicroeconomics _9147377 |
||
| 901 | _a330.01 B38 1977 | ||
| 902 | _aM | ||
| 905 | _a5232271977 -usmn 8222223322eng16 | ||
| 942 |
_cLIBRO _2ddc |
||
| 999 |
_c170586 _d170586 |
||